00559nam a2200193Ii 450000100060000000300090000600800410001502000150005604000330007104100080010408200180011210000180013024500770014826400470022530000120027233600260028433700280031033800270033814251CO-ViMGA241108s9999||||xx |||||||||||||| ||und|| a9586171072 aCO-ViMGAbspaerdacCO-ViMGA0 aspa04a346.0482 A28m1 aOscar Acuña10aManual de derecho de autor:bpara las bibliotecas públicas en Colombia 1aBogotá, Colombia : Dupligráficas, 2006 avolumen atextbtxt2rdacontent aunmediatedbn2rdamedia avolumebnc2rdacarrier